Prehľad najdôležitejších sekundárnych predpisov EÚ pre oblasť daní
Prehľad vybraných sekundárnych právnych predpisov platných v EÚ pre oblasť daní.
Enregistré dans:
| Format: | Chapitre de livre |
|---|---|
| Langue: | slovaque |
| Sujets: | |
| Tags: |
Pas de tags, Soyez le premier à ajouter un tag!
|
MARC
| LEADER | 00000naa a2200000 4500 | ||
|---|---|---|---|
| 001 | r042453 | ||
| 005 | 20231002115558.9 | ||
| 041 | 0 | |a slo | |
| 044 | |a SK | ||
| 245 | 1 | 0 | |a Prehľad najdôležitejších sekundárnych predpisov EÚ pre oblasť daní |
| 520 | |a Prehľad vybraných sekundárnych právnych predpisov platných v EÚ pre oblasť daní. | ||
| 610 | 2 | 0 | |a dane |
| 610 | 2 | 0 | |a legislatíva |
| 610 | 2 | 0 | |a 2001 |
| 610 | 2 | 0 | |a Európska únia |